000 00507nam a22001817a 4500
003 BD-DhUL
005 20170417171943.0
008 170417s1993 n ||||| |||| 00| 0 eng
020 _a9211196167
040 _aBD-DhUL
_cBD-DhUL
082 _a330.95
_bUNE
110 2 _aUnited Nations
245 1 0 _aEconomic bulletin for Asia and the Pacific :
_cUnited Nations
_bVol. 43, no. 1 /
260 _aNew York :
_bUnited Nations,
_c1993.
300 _av. ;
_c28 cm.
650 0 _aEconomic
942 _2ddc
_cREF
999 _c183571
_d183571